00829ntaaa2200217 45000030003000000050017000030080021000200400037000411000034000782450094001122600025002063000021002315000074002525000029003265020070003555050062004255050065004875050036005526500010005886500013005980120251027203334.00714s1973 ag 01  aAR-BaBNbspacAR-BaBNeaacrdRIC aEspinoza Arnez, María Elfy  aLas características distintivas del noviazgo cristiano / cMaría Elfy Espinoza Arnez  aBuenos Aires, c2014 a46 h. ; c30 cm. a"En convenio con la Asamblea Apostólica de la fe en Cristo Jesús" aBibliografía: h. 45-46 a(licenciatura)-Seminario Internacional Teológico Bautista, 2014 tCap. 1. Una aproximación teórica al tema del noviazgo tCap. 2. Características distintivas del noviazgo cristiano tCap. 3. El noviazgo en la AAFCJ aTESIS aNOVIAZGO